000 00729nam a22001935i 4500
001 68850
003 ES-MaACL
005 20250829113816.0
007 t|
008 960829s1884 fr ||||1| fre d
040 _aCAM
_bspa
_cCAM
100 1 _aGiordano, Felice.
_957161
245 1 0 _aNécrologie
_b: Quintino Sella homme d'état et savant italien; extrait de la Revue Universelle des Mines, etc., t.XVI, p.204. 1884.
260 _aParis ;
_aLiege :
_bRevue Universelle des Mines,
_c1884 (
_eLiege :
_fImprimerie de Ch. Aug. Desoer)
300 _a26 p. ;
_c22 cm.
600 1 4 _aSella, Quintino,
_d1827-1884-
_vHomenajes
_9105320
852 _aES-MaACL
_jB-7690(11)
_q. - Encuadernado con otras obras
999 _c68850
_d68850